000 00619nam a22002177a 4500
003 UA-OsUOA
001 9821
007 ta
008 20041207b un ||||| |||| 00| 0 ukr d
100 _aСтаростіна Алла
700 _aНагачевська Тетяна
942 _cSA
040 _aUA-OsUOA
_bukr
_cUA-OsUOA
_dUA-OsUOA
245 _aІнтеграція України: сьогодення і перспектива
300 _aС.79-88
955 _a0
041 _aukr
044 _aUA
773 0 _w0
_tБанківська справа
_dК.
_d2004
_gN4
650 7 _aІнтеграція
_2UDC
999 _c295982
_d295982